[Event "HUN Team League Ch. Csongrad Region"]
[Site "Csongrád County"]
[Date "2016.04.10"]
[Round "8.1"]
[White "Csikos, Mihaly"]
[Black "Miko, Valer"]
[Result "0-1"]
[WhiteElo "2122"]
[BlackElo "2084"]
[PlyCount "98"]
[EventDate "2015.09.20"]

1. c4 c6 2. Nc3 d5 3. cxd5 cxd5 4. d4 Nf6 5. g3 Nc6 6. Bg2 e6 7. Nf3 Be7 8. O-O
O-O 9. a3 b6 10. b4 Bb7 11. Bb2 Ne8 12. Rc1 Nd6 13. Rc2 Bf6 14. e3 Nc4 15. Bc1
Ne7 16. Nd2 Nd6 17. f4 Nef5 18. Qe2 Rc8 19. Nf3 Nc4 20. g4 Nfd6 21. Ne5 Ba6 22.
Qf3 Nxe5 23. dxe5 Bxf1 24. Qxf1 Rc4 25. exf6 Qxf6 26. Bb2 Qg6 27. Rd2 Qxg4 28.
Kh1 Qh4 29. Ne2 Nf5 30. Bh3 Nxe3 31. Qg1 d4 32. Bxd4 Rxd4 33. Rxd4 Qxh3 34. Ng3
Nf5 35. Rd3 Nxg3+ 36. Rxg3 Qh6 37. Qd4 g6 38. Qd6 Qg7 39. Kg2 Qf6 40. Rd3 Rc8
41. b5 Qb2+ 42. Kg3 Qxb5 43. Re3 Qc5 44. Qd3 Qc1 45. Qd4 Qg1+ 46. Kh3 h5 47. f5
Qf1+ 48. Kh4 Qxf5 49. Rg3 b5 0-1

[Event "HUN Team League Ch. Csongrad Region"]
[Site "Csongrád County"]
[Date "2016.04.10"]
[Round "8.1"]
[White "Balla, Tibor"]
[Black "Kovacs, Arthur Dr"]
[Result "1/2-1/2"]
[WhiteElo "2044"]
[BlackElo "1999"]
[PlyCount "106"]
[EventDate "2015.09.20"]

1. d4 d5 2. Nf3 Nf6 3. g3 e6 4. Bg2 Be7 5. O-O O-O 6. Re1 b6 7. Ne5 Bb7 8. Nd2
c5 9. c3 Nbd7 10. Ndf3 cxd4 11. cxd4 Rc8 12. Bg5 Nxe5 13. Nxe5 Nd7 14. Bxe7
Qxe7 15. Nd3 Rc4 16. b3 Rc7 17. Qd2 Rfc8 18. Rac1 h6 19. Rxc7 Rxc7 20. Rc1 Qd8
21. Kf1 Qc8 22. Rxc7 Qxc7 23. Ke1 a5 24. Qc1 Qxc1+ 25. Nxc1 Ba6 26. a3 Kf8 27.
Kd2 Ke7 28. f3 Kd6 29. Na2 f6 30. Nc3 e5 31. e3 Kc6 32. h4 Kd6 33. Bh3 Nf8 34.
Na4 Kc6 35. Bf5 Bb5 36. Nc3 Ba6 37. h5 Bf1 38. Ke1 Ba6 39. Kf2 Kd6 40. Ke1 Kc6
41. Kd2 Bf1 42. Bd3 Bxd3 43. Kxd3 g6 44. hxg6 Nxg6 45. b4 axb4 46. axb4 h5 47.
b5+ Kd6 48. Na4 Kc7 49. e4 dxe4+ 50. Kxe4 exd4 51. Kxd4 h4 52. gxh4 Nxh4 53.
Ke4 Kd6 1/2-1/2

[Event "HUN Team League Ch. Csongrad Region"]
[Site "Csongrád County"]
[Date "2016.04.10"]
[Round "8.1"]
[White "Kelemen, David"]
[Black "Farkas, Sandor"]
[Result "1-0"]
[WhiteElo "2005"]
[BlackElo "1854"]
[PlyCount "57"]
[EventDate "2015.09.20"]

1. e4 c5 2. Nf3 a6 3. c4 Nc6 4. Nc3 e5 5. d3 Nf6 6. g3 Be7 7. Bg2 O-O 8. O-O d6
9. h3 Be6 10. Ne1 Ne8 11. f4 exf4 12. gxf4 f5 13. Nd5 Bxd5 14. cxd5 Nd4 15. e5
Nc7 16. Be3 Ndb5 17. a4 Na7 18. Qb3 Kh8 19. d4 cxd4 20. Bxd4 b5 21. a5 Nc8 22.
Nd3 g5 23. exd6+ Bf6 24. Bxf6+ Qxf6 25. dxc7 Qd4+ 26. Kh1 Nd6 27. Qc3 Qxc3 28.
bxc3 g4 29. Rfe1 1-0

[Event "HUN Team League Ch. Csongrad Region"]
[Site "Csongrád County"]
[Date "2016.04.10"]
[Round "8.1"]
[White "Fabian, Istvan"]
[Black "Martonosi, Adam"]
[Result "1-0"]
[WhiteElo "1748"]
[BlackElo "1874"]
[PlyCount "63"]
[EventDate "2015.09.20"]

1. d4 g6 2. c4 Bg7 3. Nc3 c5 4. d5 d6 5. e4 Nf6 6. f3 Na6 7. Be3 Nc7 8. Qd2 h5
9. Bd3 Bd7 10. Nge2 a6 11. a4 b5 12. axb5 axb5 13. Rxa8 Qxa8 14. Nxb5 Nxb5 15.
cxb5 Qb7 16. Nc3 O-O 17. O-O Re8 18. e5 dxe5 19. Bxc5 Rc8 20. b4 Nxd5 21. Be4
e6 22. Bxd5 exd5 23. Qxd5 Qc7 24. b6 Qc6 25. Rd1 Be8 26. Ne4 Qxd5 27. Rxd5 Bc6
28. Rd6 Bxe4 29. fxe4 Bf8 30. b7 Rb8 31. Rd7 Bh6 32. Be7 1-0

[Event "HUN Team League Ch. Csongrad Region"]
[Site "Csongrád County"]
[Date "2016.04.10"]
[Round "8.1"]
[White "Balassy, Gabor"]
[Black "Kiss, Rebeka"]
[Result "1/2-1/2"]
[WhiteElo "1764"]
[BlackElo "1720"]
[PlyCount "55"]
[EventDate "2015.09.20"]

1. d4 d5 2. Bf4 Nf6 3. e3 g6 4. h3 Bg7 5. Nd2 O-O 6. Ngf3 Nbd7 7. Be2 c5 8. c3
cxd4 9. exd4 Nb6 10. Bd3 Bd7 11. O-O Qc8 12. Ne5 Bf5 13. Re1 Bxd3 14. Nxd3 Qf5
15. Qf3 Rfe8 16. Re5 Qd7 17. Re2 Qf5 18. Rae1 Bf8 19. Ne5 Nh5 20. Bh2 Qxf3 21.
Nexf3 Nf6 22. Ne5 Nfd7 23. Ndf3 Nxe5 24. Nxe5 Rad8 25. Ng4 Nd7 26. Bf4 e6 27.
Be5 Bg7 28. Bxg7 1/2-1/2

[Event "HUN Team League Ch. Csongrad Region"]
[Site "Csongrád County"]
[Date "2016.04.10"]
[Round "8.1"]
[White "Papp, Bence"]
[Black "Szekeres, Mihaly"]
[Result "1-0"]
[WhiteElo "1660"]
[BlackElo "1683"]
[PlyCount "119"]
[EventDate "2015.09.20"]

1. e4 c5 2. Nf3 d6 3. d4 cxd4 4. Nxd4 e6 5. Nc3 a6 6. Bd3 Nf6 7. Be3 Bd7 8. f3
Qc7 9. Qd2 Nc6 10. O-O-O Ne5 11. g4 h6 12. h4 Nxd3+ 13. Qxd3 b5 14. Bf2 b4 15.
Nce2 e5 16. Nf5 Bb5 17. Qd2 Bxe2 18. Qxe2 g6 19. Ne3 Qc6 20. Qc4 Qb7 21. Qb3 a5
22. Qa4+ Qd7 23. Qxd7+ Kxd7 24. Nc4 Kc6 25. Be3 Ne8 26. Rd5 a4 27. Na5+ Kc7 28.
Rb5 Ra6 29. Rd1 f6 30. Rdd5 f5 31. Rxb4 Nf6 32. Rdb5 fxg4 33. Rb7+ Kc8 34. Rc4+
Kd8 35. Bb6+ Rxb6 36. Rxb6 gxf3 37. Kd1 Kd7 38. Rb7+ Ke6 39. Nc6 Nxe4 40. Rxe4
Kd5 41. Rxa4 Kxc6 42. Rb8 Bg7 43. Rxh8 Bxh8 44. Rg4 Bf6 45. Rxg6 Bxh4 46. Rxh6
Bg5 47. Rh3 e4 48. Rg3 Bf6 49. c3 Kc5 50. Kd2 d5 51. Rg6 Be5 52. a4 Bf4+ 53.
Ke1 e3 54. b4+ Kc4 55. Rg4 Kxc3 56. Rxf4 f2+ 57. Ke2 d4 58. b5 d3+ 59. Kxe3 d2
60. Ke2 1-0

[Event "HUN Team League Ch. Csongrad Region"]
[Site "Csongrád County"]
[Date "2016.04.10"]
[Round "8.1"]
[White "Jakso, Abel"]
[Black "Tapodi, Norman Lajos"]
[Result "0-1"]
[WhiteElo "1350"]
[BlackElo "1602"]
[PlyCount "110"]
[EventDate "2015.09.20"]

1. d4 f5 2. Nf3 Nf6 3. Bf4 e6 4. e3 Be7 5. Be2 b6 6. h3 Bb7 7. Nbd2 Nd5 8. Bh2
O-O 9. O-O Nf6 10. c3 Ne4 11. Nxe4 fxe4 12. Nd2 Bg5 13. Qc2 d5 14. c4 c6 15.
Bg4 Qe8 16. b4 h5 17. Be2 Nd7 18. c5 e5 19. dxe5 Nxe5 20. Bxe5 Qxe5 21. Bxh5
Bxe3 22. fxe3 Qxh5 23. Nb3 Qh6 24. Qd2 Ba6 25. Rxf8+ Rxf8 26. Nd4 Qf6 27. Re1
Bc4 28. a3 g6 29. Rc1 Kg7 30. Qb2 Kh7 31. Qd2 g5 32. cxb6 axb6 33. a4 c5 34.
Nc2 Qb2 35. bxc5 bxc5 36. Kh2 Bd3 37. Qd1 Qe5+ 38. Kg1 Rf1+ 39. Qxf1 Bxf1 40.
Rxf1 Qc3 41. Rf2 d4 42. exd4 cxd4 43. Nxd4 Qxd4 44. a5 Qa1+ 45. Kh2 Qe5+ 46.
Kg1 Qxa5 47. Re2 Qa1+ 48. Kf2 Qd4+ 49. Kf1 e3 50. g4 Qe4 51. Rg2 Qf3+ 52. Kg1
e2 53. Kh2 e1=Q 54. Rg1 Qef2+ 55. Rg2 Q3xg2# 0-1

[Event "HUN Team League Ch. Csongrad Region"]
[Site "Csongrád County"]
[Date "2016.04.10"]
[Round "8.1"]
[White "Meljan, David"]
[Black "Almasi, Mate"]
[Result "1-0"]
[WhiteElo "1667"]
[BlackElo "1396"]
[PlyCount "121"]
[EventDate "2015.09.20"]

1. d4 g6 2. c4 Bg7 3. Nc3 c5 4. d5 d6 5. e4 Nf6 6. Be2 Nbd7 7. Nf3 Nb6 8. Bg5
h6 9. Bh4 Bd7 10. O-O O-O 11. Qc2 Bg4 12. Nd2 Bxe2 13. Nxe2 Ng4 14. Nf3 Qd7 15.
h3 Ne5 16. Nxe5 Bxe5 17. Bg3 Bg7 18. Rac1 Qa4 19. b3 Qd7 20. Rce1 e5 21. dxe6
fxe6 22. Rd1 Nc8 23. Nc3 Bxc3 24. Qxc3 Qe7 25. e5 dxe5 26. Qxe5 Rf5 27. Qe3 Kh7
28. Rfe1 Rf6 29. Be5 Rf5 30. Bc3 Qf8 31. f3 Nd6 32. Qxe6 Rd8 33. Qe7+ Nf7 34.
Rxd8 Qxd8 35. Qxd8 Nxd8 36. Re7+ Rf7 37. Rxf7+ Nxf7 38. Kf2 Nd6 39. g4 g5 40.
Ke3 Kg6 41. f4 gxf4+ 42. Kxf4 Kf7 43. Be5 Nc8 44. h4 Ne7 45. Bd6 Ng6+ 46. Kg3
Ke6 47. h5 Ne7 48. Bxe7 Kxe7 49. Kf3 Kf7 50. a3 b6 51. Ke4 Ke6 52. b4 a6 53. b5
axb5 54. cxb5 Kf6 55. a4 Ke6 56. a5 Kd6 57. g5 hxg5 58. h6 g4 59. h7 g3 60.
h8=Q g2 61. Qh2+ 1-0

[Event "HUN Team League Ch. Csongrad Region"]
[Site "Csongrád County"]
[Date "2016.04.10"]
[Round "8.2"]
[White "Hajdu, Istvan"]
[Black "Karpati, Zoltan Dr"]
[Result "1-0"]
[WhiteElo "2019"]
[BlackElo "1716"]
[PlyCount "113"]
[EventDate "2015.09.20"]

1. e4 e6 2. d4 d5 3. Nd2 Nc6 4. Ngf3 Nf6 5. e5 Nd7 6. c3 f6 7. Qe2 fxe5 8. dxe5
Be7 9. Nb3 O-O 10. Bd2 a5 11. Nbd4 Nxd4 12. Nxd4 Nc5 13. Qg4 a4 14. f3 c6 15.
Be2 Qe8 16. O-O Qf7 17. Be3 Bd7 18. Qg3 Kh8 19. Qf2 Qg6 20. Nxc6 Bxc6 21. Bxc5
Bxc5 22. Qxc5 Qc2 23. Bb5 Rfc8 24. Bxc6 Rxc6 25. Qb4 b6 26. Qb5 Rac8 27. Rf2
Qf5 28. Qxa4 Qxe5 29. Rd1 h6 30. Qd4 Qxd4 31. Rxd4 Kg8 32. f4 Rc4 33. Rfd2 Rxd4
34. Rxd4 Kf7 35. Kf2 Kf6 36. Ke3 Ra8 37. a3 Rc8 38. g4 g6 39. h4 h5 40. gxh5
gxh5 41. Rb4 Rc6 42. Rd4 Kf5 43. Rd2 Rc4 44. Rg2 Re4+ 45. Kd3 Kxf4 46. Rg5 Re5
47. Rxe5 Kxe5 48. a4 Kf4 49. b4 Kf3 50. Kd4 Kf4 51. a5 e5+ 52. Kxd5 bxa5 53. b5
a4 54. Kc4 e4 55. b6 e3 56. b7 e2 57. b8=Q+ 1-0

[Event "HUN Team League Ch. Csongrad Region"]
[Site "Csongrád County"]
[Date "2016.04.10"]
[Round "8.2"]
[White "Kurucz, Gergely"]
[Black "Radics, Laszlo"]
[Result "1/2-1/2"]
[WhiteElo "1583"]
[BlackElo "1904"]
[PlyCount "186"]
[EventDate "2015.09.20"]

1. e4 c5 2. g3 Nc6 3. Bg2 d6 4. c3 e5 5. d3 f5 6. Ne2 Nf6 7. f3 Be7 8. Be3 O-O
9. O-O Rb8 10. Na3 a6 11. Nc2 Na5 12. b3 b5 13. d4 fxe4 14. fxe4 Bb7 15. d5 Bc8
16. Ne1 Bg4 17. h3 Bh5 18. g4 Bg6 19. Ng3 Nd7 20. Nf5 Bxf5 21. gxf5 Bg5 22. Qe2
Nb7 23. Nf3 Bxe3+ 24. Qxe3 h6 25. Nh2 Qh4 26. Rf3 Nf6 27. Rg3 Nd8 28. Ng4 Nf7
29. Nxf6+ Qxf6 30. Rg6 Qh4 31. Rf1 Kh7 32. Rf3 Rbd8 33. Rfg3 Rg8 34. R3g4 Qe7
35. Re6 Qf8 36. Qf3 Nh8 37. Rh4 Re8 38. Bf1 Rxe6 39. dxe6 Qf6 40. Rg4 Rf8 41.
c4 b4 42. Qd3 Qe7 43. Rg2 Rf6 44. Rd2 g6 45. Qxd6 Qg7 46. Qd7 gxf5+ 47. Qxg7+
Kxg7 48. Rd7+ Kf8 49. e7+ Ke8 50. Rd8+ Kxe7 51. Rxh8 fxe4 52. Rg8 e3 53. Rg3
Rf2 54. Rxe3 Rxa2 55. Rxe5+ Kd6 56. Rd5+ Kc6 57. Bg2 Ra3 58. Rd3+ Kc7 59. Kf2
a5 60. Ke3 a4 61. bxa4 b3 62. Be4 Rxa4 63. Rxb3 Rxc4 64. Bd5 Rh4 65. Be6 c4 66.
Rc3 Kd6 67. Bf5 Kc5 68. Kd2 Rf4 69. Bg4 Kd4 70. Be2 Kc5 71. Rg3 Rf6 72. Rg4 Rb6
73. Rxc4+ Kd5 74. Rc3 Ke5 75. Rf3 Rf6 76. Re3+ Kf5 77. Rg3 Rd6+ 78. Bd3+ Kf6
79. Ke3 Kf7 80. h4 Kf8 81. Be4 Rf6 82. h5 Rb6 83. Rg6 Rb3+ 84. Kf4 Rb5 85. Rxh6
Kg7 86. Rg6+ Kh8 87. Bf5 Rb8 88. Kg5 Rg8 89. Be6 Rf8 90. Rh6+ Kg7 91. Rg6+ Kh7
92. Bf5 Kh8 93. h6 Rg8 1/2-1/2

[Event "HUN Team League Ch. Csongrad Region"]
[Site "Csongrád County"]
[Date "2016.04.10"]
[Round "8.2"]
[White "Csipai, Levente"]
[Black "Bodicsi, Barna"]
[Result "1-0"]
[WhiteElo "1866"]
[BlackElo "1518"]
[PlyCount "133"]
[EventDate "2015.09.20"]

1. d4 e6 2. c4 d5 3. Nc3 Bb4 4. Nf3 Nf6 5. Bg5 Nbd7 6. Bxf6 Nxf6 7. Qa4+ Bd7 8.
Qxb4 a5 9. Qb3 O-O 10. cxd5 exd5 11. Nxd5 Be6 12. Nxf6+ Qxf6 13. Qc3 c6 14. g3
Bd5 15. Bg2 Rfe8 16. Qd2 Bxf3 17. O-O Rxe2 18. Qc3 Bxg2 19. Kxg2 g6 20. b3 Rae8
21. Rae1 Qe6 22. Rxe2 Qd5+ 23. f3 Rxe2+ 24. Rf2 Re8 25. Rc2 f5 26. Kf2 Rd8 27.
Qc4 Kg7 28. Qxd5 Rxd5 29. Ke3 Kf6 30. Kd3 Kg5 31. Re2 Kf6 32. f4 c5 33. Kc4
Rxd4+ 34. Kxc5 Rb4 35. Re3 Re4 36. Rd3 Re2 37. a4 Re6 38. Rd6 h6 39. h4 h5 40.
Kd5 Rxd6+ 41. Kxd6 Kf7 42. Kd7 Kf6 43. Ke8 Ke6 44. Kf8 Kf6 45. Kg8 Ke6 46. Kg7
Kd5 47. Kxg6 Kd4 48. Kxh5 Kc3 49. Kg5 Kxb3 50. h5 Kxa4 51. h6 b5 52. h7 b4 53.
h8=Q b3 54. Qh2 Kb4 55. Kxf5 a4 56. g4 a3 57. Qd2+ Kb5 58. Qc3 Ka4 59. Qc4+ Ka5
60. Qxb3 a2 61. Qxa2+ Kb6 62. Qc4 Kb7 63. Ke6 Kb6 64. Kd7 Kb7 65. Qb4+ Ka6 66.
Kc7 Ka7 67. Qa5# 1-0

[Event "HUN Team League Ch. Csongrad Region"]
[Site "Csongrád County"]
[Date "2016.04.10"]
[Round "8.2"]
[White "Farkas, Boldizsar"]
[Black "Balatoni, Gyorgy"]
[Result "0-1"]
[WhiteElo "1411"]
[BlackElo "1763"]
[PlyCount "54"]
[EventDate "2015.09.20"]

1. b4 e6 2. Bb2 Nf6 3. b5 g6 4. e3 Bg7 5. Nf3 O-O 6. Be2 d5 7. O-O c5 8. c4
dxc4 9. Bxc4 b6 10. Qb3 Bb7 11. Ne5 Bd5 12. d4 Bxc4 13. Nxc4 cxd4 14. Ba3 Re8
15. Nd6 Re7 16. Rd1 Rd7 17. exd4 Rxd6 18. Bxd6 Qxd6 19. Nc3 Ng4 20. g3 Nd7 21.
Rac1 Rd8 22. d5 Bxc3 23. dxe6 Qxe6 24. Qxc3 Qxa2 25. Rc2 Qe6 26. f3 Qe3+ 27.
Kh1 Nf2+ 0-1

[Event "HUN Team League Ch. Csongrad Region"]
[Site "Csongrád County"]
[Date "2016.04.10"]
[Round "8.2"]
[White "Nagy, Viktor"]
[Black "Varga, Gabor"]
[Result "1-0"]
[WhiteElo "1670"]
[BlackElo "1536"]
[PlyCount "81"]
[EventDate "2015.09.20"]

1. e4 c5 2. c4 g6 3. Nc3 Bg7 4. Nge2 Nc6 5. g3 d6 6. Bg2 e6 7. O-O Nge7 8. Kh1
O-O 9. d3 a6 10. Rb1 Rb8 11. b3 b5 12. Qd2 Qc7 13. Nd1 Ne5 14. Ne3 N7c6 15. f4
Nd7 16. Bb2 Nd4 17. Ng4 Bb7 18. Nxd4 Bxd4 19. Bxd4 cxd4 20. f5 e5 21. f6 Kh8
22. Qh6 Rg8 23. Qg5 Nf8 24. Nh6 Ne6 25. Qd2 Rgf8 26. Bh3 bxc4 27. bxc4 Bc6 28.
Bxe6 fxe6 29. Qf2 d5 30. Rxb8 Qxb8 31. f7 Qd8 32. Ng4 dxe4 33. Nxe5 Bb7 34.
dxe4 Bxe4+ 35. Kg1 Kg7 36. Qf4 Bc2 37. Nc6 Qd7 38. Qf6+ Kh6 39. Ne5 Qd6 40.
Ng4+ Kh5 41. Qh4# 1-0

[Event "HUN Team League Ch. Csongrad Region"]
[Site "Csongrád County"]
[Date "2016.04.10"]
[Round "8.2"]
[White "Fulop, Csilla"]
[Black "Kozak, Janos"]
[Result "1-0"]
[WhiteElo "1399"]
[BlackElo "1571"]
[PlyCount "75"]
[EventDate "2015.09.20"]

1. e4 c6 2. d4 d5 3. exd5 cxd5 4. Nf3 Nc6 5. Nc3 Nf6 6. Bb5 a6 7. Ba4 b5 8. Bb3
Bg4 9. Be3 e6 10. a3 Be7 11. O-O Ne4 12. h3 Bh5 13. Nxe4 dxe4 14. g4 Bxg4 15.
hxg4 exf3 16. Qxf3 Rc8 17. Rad1 O-O 18. Qg2 Na5 19. d5 e5 20. Qe4 Nxb3 21. cxb3
Bd6 22. Rc1 Qd7 23. Rfd1 f5 24. gxf5 Rxf5 25. Rxc8+ Qxc8 26. Qg4 Qd7 27. Rc1 g6
28. b4 Qf7 29. Qg2 Rf3 30. Rc6 Qxd5 31. Rxd6 Qxd6 32. Qxf3 Qd7 33. Bc5 Qd8 34.
Be3 Qd7 35. Bh6 Qd8 36. Qb3+ Kh8 37. Qe6 Qd1+ 38. Kg2 1-0

[Event "HUN Team League Ch. Csongrad Region"]
[Site "Csongrád County"]
[Date "2016.04.10"]
[Round "8.2"]
[White "Makay, Andor Dr"]
[Black "Kocsmar, Akos"]
[Result "0-1"]
[WhiteElo "1707"]
[BlackElo "1429"]
[PlyCount "36"]
[EventDate "2015.09.20"]

1. d4 Nf6 2. c4 d5 3. a3 dxc4 4. Nc3 Nc6 5. Nf3 Bg4 6. e3 e6 7. Bxc4 a6 8. h3
Bh5 9. O-O Bd6 10. e4 Bxf3 11. gxf3 e5 12. Be3 Nh5 13. Ne2 Qh4 14. d5 Ne7 15.
Kh2 Ng6 16. Ng3 Nhf4 17. Qa4+ Kd8 18. Rh1 Qxh3+ 0-1

[Event "HUN Team League Ch. Csongrad Region"]
[Site "Csongrád County"]
[Date "2016.04.10"]
[Round "8.2"]
[White "Tamas, Attila"]
[Black "Zenovitz, Otto"]
[Result "0-1"]
[WhiteElo "1226"]
[BlackElo "1533"]
[PlyCount "79"]
[EventDate "2015.09.20"]

1. e4 e5 2. Nf3 Nc6 3. Bb5 Nge7 4. Bxc6 Nxc6 5. O-O d6 6. d3 Bg4 7. Nbd2 Be7 8.
h3 Bh5 9. Qe1 g5 10. g4 Bg6 11. Nh2 h5 12. f3 Qd7 13. Qg3 Nd4 14. Qf2 Nxc2 15.
Rb1 d5 16. Nb3 Nb4 17. Rd1 Qb5 18. Qe2 a5 19. a3 Nc6 20. Be3 Qxb3 21. Rdc1 d4
22. Bf2 h4 23. Qc2 a4 24. Qxb3 axb3 25. Rc4 f6 26. Be1 Bf7 27. Rcc1 Kd7 28. Nf1
Nb8 29. Kf2 Na6 30. Ke2 Rhc8 31. Nd2 b5 32. Ra1 Nc5 33. Nb1 Na4 34. Nd2 c5 35.
Rab1 c4 36. dxc4 bxc4 37. Kd1 c3 38. bxc3 Nxc3+ 39. Rxc3 dxc3 40. Nxb3 0-1

[Event "HUN Team League Ch. Csongrad Region"]
[Site "Csongrád County"]
[Date "2016.04.10"]
[Round "8.3"]
[White "Botka, Peter"]
[Black "Kiss, Balazs Janos"]
[Result "1-0"]
[WhiteElo "2110"]
[BlackElo "1962"]
[PlyCount "41"]
[EventDate "2015.09.20"]

1. e4 e6 2. d4 d5 3. Nd2 Nf6 4. e5 Nfd7 5. Bd3 c5 6. c3 Nc6 7. Ne2 Qb6 8. Nf3
Be7 9. O-O f6 10. exf6 Bxf6 11. Re1 O-O 12. Nf4 Nd8 13. Ne5 Nxe5 14. dxe5 Bg5
15. Bxh7+ Kxh7 16. Qh5+ Bh6 17. Qg6+ Kh8 18. Nh5 Qc7 19. Bxh6 gxh6 20. Qxh6+
Kg8 21. Re3 1-0

[Event "HUN Team League Ch. Csongrad Region"]
[Site "Csongrád County"]
[Date "2016.04.10"]
[Round "8.3"]
[White "Csuri, Laszlo"]
[Black "Borsi, Imre"]
[Result "1/2-1/2"]
[WhiteElo "2028"]
[BlackElo "2065"]
[PlyCount "23"]
[EventDate "2015.09.20"]

1. Nf3 Nf6 2. d4 e6 3. e3 d5 4. Bd3 Bd6 5. Nbd2 Nbd7 6. c3 e5 7. dxe5 Nxe5 8.
Nxe5 Bxe5 9. f4 Bd6 10. Nf3 O-O 11. O-O Re8 12. Qc2 1/2-1/2

[Event "HUN Team League Ch. Csongrad Region"]
[Site "Csongrád County"]
[Date "2016.04.10"]
[Round "8.3"]
[White "Baranyi, Erno"]
[Black "Nagy Dani, Karoly"]
[Result "1/2-1/2"]
[WhiteElo "2104"]
[BlackElo "1867"]
[PlyCount "130"]
[EventDate "2015.09.20"]

1. d4 d5 2. c4 e6 3. Nc3 Nf6 4. Bg5 Be7 5. e3 O-O 6. Nf3 b6 7. cxd5 exd5 8. Be2
Be6 9. O-O Ne4 10. Bxe7 Qxe7 11. Rc1 Rc8 12. Qa4 c6 13. b4 b5 14. Qa5 Nd6 15.
Qa3 Nc4 16. Bxc4 bxc4 17. Qa5 Nd7 18. e4 Nb6 19. Rfe1 Qf6 20. h3 Bxh3 21. exd5
Qg6 22. g3 cxd5 23. Nxd5 Nxd5 24. Qxd5 Be6 25. Qe4 c3 26. Rxc3 Qxe4 27. Rxc8+
Rxc8 28. Rxe4 Bxa2 29. Re5 Bb1 30. Rc5 Rd8 31. Rc7 a6 32. Ra7 Bd3 33. Ne5 Bb5
34. f4 f6 35. Nf3 Be2 36. Kf2 Bxf3 37. Kxf3 Rxd4 38. Rxa6 Rxb4 39. Ra7 h6 40.
Ra5 Kf7 41. f5 Rb7 42. g4 g6 43. fxg6+ Kxg6 44. Kf4 Rb1 45. Rc5 Rf1+ 46. Kg3
Rh1 47. Kf4 Rd1 48. Rb5 Rd4+ 49. Kg3 Re4 50. Rh5 Re5 51. Rh1 Rg5 52. Kf4 f5 53.
gxf5+ Rxf5+ 54. Kg3 Kg5 55. Ra1 Rb5 56. Ra3 h5 57. Kh3 Re5 58. Rb3 Rc5 59. Rg3+
Kf4 60. Ra3 Re5 61. Ra4+ Kg5 62. Ra3 Kf4 63. Ra4+ Kg5 64. Ra3 Kf4 65. Ra4+ Kg5
1/2-1/2

[Event "HUN Team League Ch. Csongrad Region"]
[Site "Csongrád County"]
[Date "2016.04.10"]
[Round "8.3"]
[White "Ver, Imre"]
[Black "Abraham, Zoltan"]
[Result "0-1"]
[WhiteElo "1823"]
[BlackElo "1914"]
[PlyCount "70"]
[EventDate "2015.09.20"]

1. d4 Nf6 2. c4 g6 3. Nc3 Bg7 4. e4 d6 5. Nf3 O-O 6. g3 c5 7. Bg2 cxd4 8. Nxd4
Qc7 9. Qd3 a6 10. O-O Nc6 11. Nxc6 bxc6 12. Bf4 Nd7 13. Rab1 a5 14. Na4 Ba6 15.
Qc2 Ne5 16. b3 Rad8 17. Rfd1 c5 18. Bxe5 Bxe5 19. Nc3 Bc8 20. Nb5 Qb6 21. Rd2
f5 22. f4 Bg7 23. Re1 fxe4 24. Bxe4 e5 25. fxe5 dxe5 26. Nc3 Rd4 27. Nd5 Qd8
28. Rf2 Bh3 29. Rxf8+ Qxf8 30. Qf2 Qd8 31. Qe3 Kh8 32. Bf3 Bf5 33. Rf1 e4 34.
Bg2 Rxd5 35. Kh1 Rd1 0-1

[Event "HUN Team League Ch. Csongrad Region"]
[Site "Csongrád County"]
[Date "2016.04.10"]
[Round "8.3"]
[White "Búzás, Andras"]
[Black "Sipos, Kalman"]
[Result "1/2-1/2"]
[WhiteElo "1775"]
[BlackElo "1786"]
[PlyCount "138"]
[EventDate "2015.09.20"]

1. e4 c5 2. Nf3 Nc6 3. Bb5 g6 4. Bxc6 bxc6 5. O-O Bg7 6. d3 Nf6 7. Nc3 O-O 8.
Be3 d6 9. h3 Rb8 10. Rb1 Be6 11. Qd2 Re8 12. Rfd1 Qa5 13. a3 Nd7 14. d4 cxd4
15. Bxd4 Ne5 16. Nxe5 Bxe5 17. Bxe5 Qxe5 18. b4 Rb7 19. Qe3 Rc8 20. f4 Qg7 21.
Ne2 Rcb8 22. Nd4 Bd7 23. c3 a5 24. Rbc1 axb4 25. cxb4 Rb6 26. Rd2 Ra6 27. Rc3
Rba8 28. Nf3 Be8 29. e5 c5 30. bxc5 dxc5 31. Qxc5 h6 32. Qxe7 Qf8 33. Qxf8+
Kxf8 34. Rdd3 Bb5 35. Re3 Ra4 36. g3 Bd7 37. h4 Be6 38. Kf2 Rb8 39. Nd2 Rb2 40.
Ke1 Ra2 41. Kd1 Ra1+ 42. Kc2 Ra2+ 43. Kd3 R2xa3 44. Rxa3 Rxa3+ 45. Kd4 Ra5 46.
Rc3 Rd5+ 47. Ke3 Bf5 48. Nf3 Rd1 49. Nd4 Bg4 50. Nb5 Rg1 51. Kd4 Rd1+ 52. Rd3
Rb1 53. Nd6 Rc1 54. Re3 Be6 55. Ke4 Rc5 56. f5 gxf5+ 57. Nxf5 Bxf5+ 58. Kxf5
Kg7 59. Rd3 Rc6 60. h5 Ra6 61. g4 Rb6 62. g5 hxg5 63. Kxg5 Re6 64. Kf5 Rh6 65.
Rg3+ Kh7 66. Rg5 Re6 67. Kg4 f6 68. Rg6 Rxe5 69. Rxf6 Re1 1/2-1/2

[Event "HUN Team League Ch. Csongrad Region"]
[Site "Csongrád County"]
[Date "2016.04.10"]
[Round "8.3"]
[White "Abraham, Lajos"]
[Black "Bene, Zoltan"]
[Result "1-0"]
[WhiteElo "1774"]
[BlackElo "1733"]
[PlyCount "49"]
[EventDate "2015.09.20"]

1. c4 c5 2. Nc3 Nc6 3. e3 e5 4. d3 Nf6 5. Nf3 h6 6. Be2 Be7 7. O-O O-O 8. a3 d6
9. Nd5 Be6 10. Nxe7+ Qxe7 11. Bd2 e4 12. dxe4 Nxe4 13. Be1 Rad8 14. Qc2 Ng5 15.
Bc3 Ne4 16. Qxe4 d5 17. cxd5 Rxd5 18. Qh4 Qe8 19. Rad1 Ne7 20. Rxd5 Bxd5 21.
Rd1 Ng6 22. Qg3 Be4 23. Nh4 Qa4 24. Nxg6 Bxg6 25. h4 1-0

[Event "HUN Team League Ch. Csongrad Region"]
[Site "Csongrád County"]
[Date "2016.04.10"]
[Round "8.3"]
[White "Tokes, Janos"]
[Black "Bartos, Ferenc"]
[Result "1-0"]
[WhiteElo "1687"]
[BlackElo "1786"]
[PlyCount "49"]
[EventDate "2015.09.20"]

1. d4 f5 2. c4 e6 3. Nf3 Bb4+ 4. Nc3 Nf6 5. a3 Be7 6. Qc2 O-O 7. e4 fxe4 8.
Nxe4 Nc6 9. Bd3 g6 10. Bh6 Nxe4 11. Bxf8 Nxf2 12. Bxe7 Nxd3+ 13. Qxd3 Qxe7 14.
O-O b6 15. Rf2 Ba6 16. b4 d5 17. b5 dxc4 18. Qxc4 Na5 19. Qe2 Bb7 20. Ne5 Rf8
21. Rxf8+ Qxf8 22. Rf1 Qxa3 23. Nxg6 Qd6 24. Qg4 h5 25. Ne7+ 1-0

[Event "HUN Team League Ch. Csongrad Region"]
[Site "Csongrád County"]
[Date "2016.04.10"]
[Round "8.3"]
[White "Fodor, Gabor"]
[Black "Markus, Molli Amina"]
[Result "1/2-1/2"]
[WhiteElo "1515"]
[BlackElo "1348"]
[PlyCount "106"]
[EventDate "2015.09.20"]

1. e4 Nf6 2. Nc3 d5 3. e5 d4 4. exf6 dxc3 5. fxg7 cxd2+ 6. Bxd2 Bxg7 7. c3 Nc6
8. Bc4 Ne5 9. Qe2 Nxc4 10. Qxc4 Bd7 11. Nf3 Bc6 12. Qg4 Bf6 13. O-O-O Qd7 14.
Qh5 Qd5 15. Qxd5 Bxd5 16. Bf4 Bxa2 17. Bxc7 Rc8 18. Bf4 Rg8 19. Kc2 Be6 20. Nd4
Bxd4 21. Rxd4 Bd7 22. Rhd1 Bc6 23. g3 f6 24. Bh6 Kf7 25. Re1 Rcd8 26. Be3 Rxd4
27. Bxd4 a6 28. f4 Rd8 29. f5 Bf3 30. Rf1 Be4+ 31. Kd2 Rd5 32. g4 Rd6 33. Ke3
Bc6 34. Kf4 b5 35. Re1 Rd7 36. Re3 b4 37. h4 bxc3 38. bxc3 h6 39. g5 hxg5+ 40.
hxg5 fxg5+ 41. Kxg5 Rd5 42. Be5 a5 43. Kf4 a4 44. c4 Ra5 45. Bb2 Bd7 46. Be5 a3
47. Rh3 Bc8 48. Rh1 Rc5 49. Rc1 Ba6 50. Ke4 Rxc4+ 51. Rxc4 Bxc4 52. Kf4 a2 53.
Bc3 Bb3 1/2-1/2

[Event "HUN Team League Ch. Csongrad Region"]
[Site "Csongrád County"]
[Date "2016.04.10"]
[Round "8.4"]
[White "Szabo, Zoltan"]
[Black "Blazsik, Zoltan"]
[Result "0-1"]
[WhiteElo "1828"]
[BlackElo "1898"]
[PlyCount "76"]
[EventDate "2015.09.20"]

1. e4 c6 2. d4 d5 3. exd5 cxd5 4. Nc3 Nf6 5. Nf3 Nc6 6. Be2 Bf5 7. a3 Rc8 8.
Nh4 Bd7 9. O-O e6 10. Nf3 Bd6 11. Nb5 Bb8 12. Bg5 a6 13. Nc3 Bd6 14. Re1 O-O
15. Bd3 h6 16. Bh4 Be7 17. Na2 Nh7 18. Bxe7 Qxe7 19. c3 Rfe8 20. Nb4 Nf6 21.
Ne5 Nxe5 22. Rxe5 a5 23. Nc2 Ba4 24. Qe2 Nd7 25. Re3 Nb6 26. Ne1 Bb3 27. Rg3
Bc4 28. Nf3 f6 29. Re1 Rc6 30. Bxc4 Nxc4 31. Nh4 Nd6 32. Ng6 Qf7 33. Nf4 e5 34.
Nh5 exd4 35. Rxg7+ Qxg7 36. Qxe8+ Nxe8 37. Rxe8+ Qf8 38. Rxf8+ Kxf8 0-1